[Event "Bundesliga 2022-23"]
[Site "Munich GER"]
[Date "2023.04.01"]
[Round "12.6"]
[Board "4"]
[White "Kollars, Dmitrij"]
[Black "Gungl, Theo"]
[Result "1-0"]
[WhiteTitle "GM"]
[BlackTitle "IM"]
[WhiteElo "2612"]
[BlackElo "2352"]
[WhiteTeam "Schachfreunde Deizisau"]
[BlackTeam "SV Muelheim Nord"]
[WhiteFideId "12909572"]
[BlackFideId "24695653"]
[EventDate "2022.10.22"]

1. e4 c5 2. Nf3 d6 3. d4 cxd4 4. Nxd4 Nf6 5. Nc3 a6 6. Be2 e6 7. Be3 Qc7 8. Qd2
b5 9. a3 Bb7 10. f3 Nbd7 11. O-O-O d5 12. exd5 Bxd5 13. Bf4 Qb6 14. Rhe1 b4 15.
Nxd5 Nxd5 16. a4 O-O-O 17. Bg5 N7f6 18. Qd3 Kb7 19. f4 Bc5 20. a5 Qd6 21. g3 Rc8
22. Bf3 Rhd8 23. Bxf6 gxf6 24. Qxh7 Bxd4 25. Rxd4 Qc5 26. Bxd5+ exd5 27. Qd3
Qxa5 28. Kb1 Qc5 29. Rd1 Rc6 30. Qb3 a5 31. c3 Rb6 32. Rxd5 Rxd5 33. Rxd5 Qe7
34. cxb4 axb4 35. Rd1 f5 36. Qd5+ Ka6 37. Qa8+ Kb5 38. Rd5+ Kc4 39. b3+ 1-0

[Event "Bundesliga 2022-23"]
[Site "Munich GER"]
[Date "2023.04.01"]
[Round "12.6"]
[Board "5"]
[White "Hausrath, Daniel"]
[Black "Heimann, Andreas"]
[Result "1/2-1/2"]
[WhiteTitle "GM"]
[BlackTitle "GM"]
[WhiteElo "2465"]
[BlackElo "2573"]
[WhiteTeam "SV Muelheim Nord"]
[BlackTeam "Schachfreunde Deizisau"]
[WhiteFideId "4617495"]
[BlackFideId "24624632"]
[EventDate "2022.10.22"]

1. Nf3 d5 2. g3 Nf6 3. Bg2 e6 4. d4 Be7 5. c4 O-O 6. Qc2 c5 7. O-O cxd4 8. Nxd4
Qb6 9. Nb3 Nc6 10. cxd5 Nxd5 11. Nc3 Ncb4 12. Qb1 Rd8 13. e4 Nxc3 14. bxc3 Nc6
15. Be3 Qc7 16. Nd4 e5 17. Nf5 Be6 18. Qb5 Bf8 19. f4 f6 20. Rf2 Na5 21. fxe5
Nc4 22. Nd4 Bd7 23. Qd5+ Kh8 24. Bf4 fxe5 25. Bg5 exd4 26. Bxd8 Rxd8 27. Raf1
Ba3 28. Rf7 Ne5 29. cxd4 Nxf7 30. Rxf7 Qd6 31. Qxd6 Bxd6 32. e5 Ba3 33. d5 Bc5+
34. Kh1 Kg8 35. e6 Bc8 36. Be4 Bd6 37. Kg2 Rf8 38. Bf5 Re8 39. h4 g6 40. Bg4 h5
41. Bh3 a5 42. g4 hxg4 43. Bxg4 a4 44. Kf3 b5 45. Ke4 b4 46. Kd4 Rf8 47. h5 Rxf7
48. exf7+ Kxf7 49. Bxc8 b3 50. hxg6+ Kg7 51. a3 Kxg6 1/2-1/2

[Event "Bundesliga 2022-23"]
[Site "Munich GER"]
[Date "2023.04.01"]
[Round "12.6"]
[Board "6"]
[White "Kozul, Zdenko"]
[Black "Saltaev, Mihail"]
[Result "1/2-1/2"]
[WhiteTitle "GM"]
[BlackTitle "GM"]
[WhiteElo "2549"]
[BlackElo "2469"]
[WhiteTeam "Schachfreunde Deizisau"]
[BlackTeam "SV Muelheim Nord"]
[WhiteFideId "14502879"]
[BlackFideId "14200058"]
[EventDate "2022.10.22"]

1. d4 d5 2. c4 e6 3. Nf3 Nf6 4. g3 Be7 5. Bg2 O-O 6. O-O dxc4 7. Qc2 b5 8. a4 b4
9. Nbd2 Bb7 10. Nxc4 c5 11. dxc5 Be4 12. Qd2 Nbd7 13. Nfe5 Bxg2 14. Kxg2 Nxe5
15. Qxd8 Rfxd8 16. Nxe5 Bxc5 17. Bg5 Rac8 18. Rac1 h6 19. Bxf6 gxf6 20. Nd3 Bd6
21. Kf3 Be5 22. Ke4 b3 23. Rxc8 Rxc8 24. Rc1 Rc2 25. Ke3 Bxb2 26. Rb1 Bc3 27.
Rxb3 Bd2+ 28. Kf3 Rc4 29. Rb2 Ba5 30. Rb7 Bb6 31. a5 Bxa5 32. Rxa7 Bc7 33. Ra8+
Kg7 34. Rc8 Rc3 35. g4 Ba5 36. Rc7 Rc4 37. Rxc4 Bb4 38. Rc3 Bxc3 39. Ke4 Ba5 40.
h3 1/2-1/2

[Event "Bundesliga 2022-23"]
[Site "Munich GER"]
[Date "2023.04.01"]
[Round "12.6"]
[Board "7"]
[White "Dinstuhl, Volkmar"]
[Black "Dautov, Rustem"]
[Result "0-1"]
[WhiteTitle "IM"]
[BlackTitle "GM"]
[WhiteElo "2379"]
[BlackElo "2592"]
[WhiteTeam "SV Muelheim Nord"]
[BlackTeam "Schachfreunde Deizisau"]
[WhiteFideId "4613562"]
[BlackFideId "4623606"]
[EventDate "2022.10.22"]

1. d4 d5 2. c4 e6 3. Nc3 a6 4. cxd5 exd5 5. Bf4 Nf6 6. e3 Bd6 7. Bxd6 Qxd6 8.
Bd3 O-O 9. Qc2 Re8 10. Nge2 Bg4 11. O-O Bxe2 12. Bxe2 Nbd7 13. Rac1 c6 14. Rfe1
g6 15. Na4 Re6 16. Nc5 Nxc5 17. Qxc5 Qd7 18. Bd3 Ne8 19. a4 Nd6 20. Re2 f5 21.
Qc2 Rf8 22. Rce1 Rfe8 23. b3 Qd8 24. Qc3 h5 25. f3 h4 26. Qd2 Qf6 27. Qc3 Qg5
28. Qd2 R8e7 29. Kh1 Qh5 30. Rf1 Qh6 31. Rfe1 Qh5 32. Rf1 f4 33. exf4 Rxe2 34.
Bxe2 Nf5 35. Kg1 Qh8 36. Rd1 Qxd4+ 37. Qxd4 Nxd4 38. Bxa6 Nxb3 39. Bd3 Kg7 40.
Bc2 Na5 41. Kf2 Nc4 42. g3 Kf6 43. Bb3 Ne3 44. Rd3 Nf5 45. Bc2 hxg3+ 46. hxg3
Rh7 47. Kg2 d4 0-1

[Event "Bundesliga 2022-23"]
[Site "Munich GER"]
[Date "2023.04.01"]
[Round "12.6"]
[Board "8"]
[White "Koellner, Ruben Gideon"]
[Black "Hoenig, Alexander"]
[Result "1-0"]
[WhiteTitle "IM"]
[WhiteElo "2403"]
[BlackElo "2214"]
[WhiteTeam "Schachfreunde Deizisau"]
[BlackTeam "SV Muelheim Nord"]
[WhiteFideId "12993093"]
[BlackFideId "4617770"]
[EventDate "2022.10.22"]

1. d4 d5 2. Nf3 Nf6 3. Bf4 c5 4. e3 Nc6 5. Nbd2 cxd4 6. exd4 Qb6 7. Nb3 Bg4 8.
h3 Bxf3 9. Qxf3 e6 10. c3 a5 11. Rb1 Be7 12. Bd3 O-O 13. Nd2 Rfc8 14. a4 Na7 15.
Qe2 Qd8 16. O-O Qe8 17. Ra1 Nd7 18. Bh2 Nb6 19. Bc2 Nc4 20. Nxc4 Rxc4 21. f4 g6
22. f5 Rc6 23. f6 Bd6 24. Rae1 Bxh2+ 25. Kxh2 b5 26. Qd2 b4 27. Rf4 bxc3 28.
bxc3 Qf8 29. Rh4 Nc8 30. Re5 Nd6 31. Reh5 Nf5 32. Bxf5 exf5 33. Rxh7 Qd6+ 34.
Kg1 Qxf6 35. Qh6 1-0

[Event "Bundesliga 2022-23"]
[Site "Deggendorf GER"]
[Date "2023.04.01"]
[Round "12.7"]
[Board "1"]
[White "Shevchenko, Kirill"]
[Black "Narayanan, S.L."]
[Result "1-0"]
[WhiteTitle "GM"]
[BlackTitle "GM"]
[WhiteElo "2645"]
[BlackElo "2663"]
[WhiteTeam "SV Werder Bremen"]
[BlackTeam "SV Deggendorf"]
[WhiteFideId "14129574"]
[BlackFideId "5058422"]
[EventDate "2022.10.22"]

1. d4 Nf6 2. c4 e6 3. Nf3 d5 4. g3 Be7 5. Bg2 O-O 6. O-O dxc4 7. Qc2 a6 8. a4
Bd7 9. Qxc4 Bc6 10. Bf4 Bd6 11. Qc1 Nbd7 12. Nc3 Rb8 13. a5 b5 14. axb6 Bxf4 15.
gxf4 Rxb6 16. Na4 Bxa4 17. Rxa4 Qb8 18. Ne5 Rxb2 19. e3 Nxe5 20. fxe5 Ng4 21.
Ra1 Rb6 22. Qc4 Qa7 23. h3 Nh6 24. Rfc1 Rc8 25. Bf1 Nf5 26. Rxa6 Qb7 27. Rxb6
Qxb6 28. Qa4 c6 29. Ba6 Qb2 30. Rc2 Qb1+ 31. Kh2 Rb8 32. Qxc6 g6 33. Bd3 Nh4 34.
Qh1 Qxh1+ 35. Kxh1 Rb1+ 36. Kh2 Rd1 37. Be4 g5 38. Rb2 h6 39. Rb1 Rd2 40. Kg3
Kg7 41. Rf1 Kf8 42. Re1 Kg7 43. Rc1 Ra2 44. Rc7 Rd2 45. Rd7 Kf8 46. Rb7 Kg7 47.
Rb3 Ra2 48. f4 f5 49. exf6+ Kxf6 50. Kg4 Re2 51. d5 exd5 52. Bxd5 Ng2 53. Rb6+
Kg7 54. Kf3 Rd2 55. Be4 gxf4 56. exf4 Nh4+ 57. Kg3 Re2 58. Bb1 Ng2 59. Kf3 Nxf4
60. Kxf4 Rf2+ 61. Ke5 Rf7 62. Rg6+ Kh7 63. Bf5 Rf8 64. Ke6 Ra8 65. Rf6+ Kg8 66.
Rg6+ Kh7 67. Rg3+ Kh8 68. Kf7 Ra7+ 69. Kf6 Ra8 70. Be6 Re8 71. Rd3 Kh7 72. Rd7+
Kh8 73. Ra7 1-0

[Event "Bundesliga 2022-23"]
[Site "Deggendorf GER"]
[Date "2023.04.01"]
[Round "12.7"]
[Board "2"]
[White "Sedlak, Nikola"]
[Black "Fressinet, Laurent"]
[Result "0-1"]
[WhiteTitle "GM"]
[BlackTitle "GM"]
[WhiteElo "2472"]
[BlackElo "2622"]
[WhiteTeam "SV Deggendorf"]
[BlackTeam "SV Werder Bremen"]
[WhiteFideId "922900"]
[BlackFideId "608742"]
[EventDate "2022.10.22"]

1. Nf3 Nf6 2. g3 g6 3. Bg2 Bg7 4. O-O O-O 5. d4 d6 6. Nc3 Nbd7 7. a4 c6 8. a5
Qc7 9. e4 e5 10. h3 Rb8 11. Be3 b5 12. axb6 axb6 13. d5 b5 14. Ra7 Rb7 15. dxc6
Qxc6 16. Ra5 Nc5 17. Nd2 Bd7 18. Qa1 Qc8 19. Kh2 Ne6 20. Rc1 Nd4 21. Ra6 b4 22.
Bxd4 exd4 23. Nd5 Nxd5 24. exd5 Rc7 25. Rxd6 d3 26. Rxd7 Rxc2 27. Qa7 Rxc1 28.
d6 Qc5 29. Qc7 Qxc7 30. dxc7 Be5 31. Rxd3 Rxc7 32. b3 Rc2 33. Bd5 Rc3 0-1

[Event "Bundesliga 2022-23"]
[Site "Deggendorf GER"]
[Date "2023.04.01"]
[Round "12.7"]
[Board "3"]
[White "Areshchenko, Alexander"]
[Black "Delchev, Aleksander"]
[Result "1/2-1/2"]
[WhiteTitle "GM"]
[BlackTitle "GM"]
[WhiteElo "2632"]
[BlackElo "2503"]
[WhiteTeam "SV Werder Bremen"]
[BlackTeam "SV Deggendorf"]
[WhiteFideId "14109530"]
[BlackFideId "2900394"]
[EventDate "2022.10.22"]

1. e4 c5 2. Nf3 e6 3. d4 cxd4 4. Nxd4 Nf6 5. Nc3 Nc6 6. Ndb5 Bb4 7. a3 Bxc3+ 8.
Nxc3 d5 9. Bd3 dxe4 10. Nxe4 Nxe4 11. Bxe4 Qxd1+ 12. Kxd1 Bd7 13. f3 O-O-O 14.
Be3 Ne5 15. Bxa7 f5 16. Bd3 Bb5 17. Rc1 Rd6 18. Ke2 Nxd3 19. cxd3+ Kd7 20. Bc5
Bxd3+ 21. Ke3 Rd5 22. Rhd1 Bc4 23. Bd4 b5 24. Be5 Rxd1 25. Rxd1+ Bd5 26. h4 Rc8
27. Kf4 Rc2 28. Rg1 g6 29. Kg5 Ke7 30. Kh6 Re2 31. Bc3 e5 32. Kxh7 Kf7 33. Kh6
e4 34. fxe4 Bxe4 35. g4 Rh2 36. Kg5 fxg4 37. Rxg4 Rg2 38. Rxg2 Bxg2 39. Kf4 Ke6
40. b3 1/2-1/2

[Event "Bundesliga 2022-23"]
[Site "Deggendorf GER"]
[Date "2023.04.01"]
[Round "12.7"]
[Board "4"]
[White "Stojanovic, Dalibor"]
[Black "Efimenko, Zahar"]
[Result "1/2-1/2"]
[WhiteTitle "GM"]
[BlackTitle "GM"]
[WhiteElo "2472"]
[BlackElo "2599"]
[WhiteTeam "SV Deggendorf"]
[BlackTeam "SV Werder Bremen"]
[WhiteFideId "922692"]
[BlackFideId "14107201"]
[EventDate "2022.10.22"]

1. e4 e5 2. Nf3 Nc6 3. Bb5 a6 4. Ba4 Nf6 5. d4 exd4 6. O-O Be7 7. e5 Ne4 8. Nxd4
O-O 9. Nf5 d5 10. exd6 Bxf5 11. dxe7 Nxe7 12. Bb3 Nc5 13. Nc3 Nxb3 14. cxb3 Qxd1
15. Rxd1 Rfd8 16. Bf4 c6 17. Bc7 Rxd1+ 18. Rxd1 Be6 19. Bd6 Nd5 20. Nxd5 Bxd5
21. f3 1/2-1/2

[Event "Bundesliga 2022-23"]
[Site "Deggendorf GER"]
[Date "2023.04.01"]
[Round "12.7"]
[Board "5"]
[White "Van Foreest, Lucas"]
[Black "Bogosavljevic, Boban"]
[Result "1/2-1/2"]
[WhiteTitle "GM"]
[BlackTitle "GM"]
[WhiteElo "2568"]
[BlackElo "2533"]
[WhiteTeam "SV Werder Bremen"]
[BlackTeam "SV Deggendorf"]
[WhiteFideId "1039792"]
[BlackFideId "931152"]
[EventDate "2022.10.22"]

1. e4 c5 2. Nf3 Nc6 3. d4 cxd4 4. Nxd4 Nf6 5. Nc3 e5 6. Ndb5 d6 7. Nd5 Nxd5 8.
exd5 Ne7 9. c4 Nf5 10. Bd3 Be7 11. O-O O-O 12. Kh1 a6 13. Nc3 Nd4 14. f4 f5 15.
Be3 g6 16. Rc1 Bd7 17. c5 Bf6 18. fxe5 dxe5 19. d6 Bc6 20. Bc4+ Kh8 21. Nd5 b5
22. Bxd4 exd4 23. Bb3 Rc8 24. Re1 a5 25. a3 a4 26. Ba2 Bg7 27. Ne7 Be4 28. Bd5
Rxc5 29. Rxc5 Qxd6 30. Rxb5 Qxe7 31. Rb4 Qe5 32. Bc4 Qf4 33. Rf1 Qe3 34. Qe2 Rc8
35. Qxe3 dxe3 36. Re1 Rd8 37. Be2 Bf8 38. Rxa4 Rd2 39. b4 Be7 40. Kg1 Bh4 41. g3
Bf6 42. Ra7 f4 43. Rf7 f3 44. Bxf3 Bxf3 45. Rxf6 Rg2+ 46. Kh1 Bd5 47. Rd6 Re2+
48. Rxd5 Rxe1+ 49. Kg2 Ra1 50. Kf3 Rxa3 51. g4 Rb3 52. Rd4 Kg7 53. g5 h6 54. h4
hxg5 55. hxg5 Kf7 56. Re4 Kf8 57. Ke2 Kf7 58. Kd1 Rb2 59. Kc1 Rg2 60. Re5 Rg1+
61. Kc2 e2 62. Rxe2 Rxg5 63. Kd3 Rb5 64. Kc4 Rb8 65. b5 g5 66. Kc5 Kf6 67. b6 g4
68. Kc6 Kg5 69. Kc7 Rh8 70. b7 g3 71. Rd2 Kf4 72. b8=R Rxb8 73. Kxb8 Kf3 74. Ka8
g2 75. Rxg2 Kxg2 1/2-1/2

[Event "Bundesliga 2022-23"]
[Site "Deggendorf GER"]
[Date "2023.04.01"]
[Round "12.7"]
[Board "6"]
[White "Popovic, Dusan"]
[Black "Nyback, Tomi"]
[Result "1-0"]
[WhiteTitle "GM"]
[BlackTitle "GM"]
[WhiteElo "2486"]
[BlackElo "2566"]
[WhiteTeam "SV Deggendorf"]
[BlackTeam "SV Werder Bremen"]
[WhiteFideId "927031"]
[BlackFideId "503142"]
[EventDate "2022.10.22"]

1. Nf3 Nf6 2. g3 g6 3. b3 Bg7 4. Bb2 O-O 5. Bg2 d5 6. c4 Nc6 7. O-O d4 8. b4 d3
9. a3 Be6 10. c5 Bf5 11. exd3 Bxd3 12. Re1 a5 13. Qb3 axb4 14. Ne5 Nxe5 15. Bxe5
c6 16. Qxb4 Qd7 17. Nc3 Rfd8 18. Na4 Qg4 19. Nb6 Qxb4 20. axb4 Rxa1 21. Rxa1 Bb5
22. d4 Ng4 23. Bxg7 Kxg7 24. d5 Nf6 25. Ra7 cxd5 26. Rxb7 e6 27. Bf1 Bxf1 28.
Kxf1 d4 29. c6 d3 30. Nd7 Ra8 31. Nxf6 Ra1+ 32. Kg2 d2 33. Rd7 d1=Q 34. Rxd1
Rxd1 35. Nd7 Rb1 36. c7 1-0

[Event "Bundesliga 2022-23"]
[Site "Deggendorf GER"]
[Date "2023.04.01"]
[Round "12.7"]
[Board "7"]
[White "Wachinger, Nikolas"]
[Black "Petrov, Martin"]
[Result "1/2-1/2"]
[WhiteTitle "IM"]
[BlackTitle "GM"]
[WhiteElo "2432"]
[BlackElo "2530"]
[WhiteTeam "SV Werder Bremen"]
[BlackTeam "SV Deggendorf"]
[WhiteFideId "12962791"]
[BlackFideId "2911086"]
[EventDate "2022.10.22"]

1. e4 c5 2. Nf3 d6 3. Bb5+ Nd7 4. d4 cxd4 5. Nxd4 g6 6. Be2 Ngf6 7. f3 d5 8.
exd5 Nxd5 9. Nb5 N7f6 10. N1c3 Nxc3 11. Qxd8+ Kxd8 12. Nxc3 Bd7 13. Be3 Ne8 14.
O-O-O Nd6 15. Nd5 Bc6 16. c4 b6 17. c5 bxc5 18. Bxc5 Ba4 19. Bxd6 exd6 20. b3
Rc8+ 21. Kb1 Bd7 22. Nf6 Be6 23. Ne4 Rc6 24. Rd4 Kc7 25. Bb5 Bg7 26. Rd3 Rb6 27.
Rc1+ Kb8 28. Bc4 Rd8 29. Bd5 Be5 30. g3 Bf5 31. Bxf7 Bxe4 32. fxe4 Rf8 33. Rf3
Rb4 34. Re1 Rd4 35. Kc2 Bg7 36. Rf2 Kc7 37. Ree2 Rb4 38. Bd5 Rbb8 39. Kd3 Kd7
40. Rxf8 Rxf8 41. Rc2 Rf3+ 42. Kc4 Rf8 43. Kd3 Rf3+ 44. Ke2 Rc3 45. Rxc3 Bxc3
46. Bg8 h6 47. Bh7 g5 48. g4 Kc6 49. Kd3 Be5 50. Kc4 Bxh2 51. b4 Bf4 52. a4 Bd2
53. a5 Kc7 54. Bf5 1/2-1/2

[Event "Bundesliga 2022-23"]
[Site "Deggendorf GER"]
[Date "2023.04.01"]
[Round "12.7"]
[Board "8"]
[White "Kuznecovs, Nikita"]
[Black "Carlstedt, Jonathan"]
[Result "0-1"]
[WhiteTitle "FM"]
[BlackTitle "IM"]
[WhiteElo "2301"]
[BlackElo "2428"]
[WhiteTeam "SV Deggendorf"]
[BlackTeam "SV Werder Bremen"]
[WhiteFideId "11604557"]
[BlackFideId "24614386"]
[EventDate "2022.10.22"]

1. e4 c5 2. Nc3 Nc6 3. Bb5 e5 4. f4 Nf6 5. Nf3 Be7 6. fxe5 Ng4 7. Bxc6 dxc6 8.
O-O Nxe5 9. Nxe5 Qd4+ 10. Kh1 Qxe5 11. d3 O-O 12. Bf4 Qe6 13. Rf3 Bf6 14. e5
Bxe5 15. Re3 f6 16. Qe2 Qg4 17. Qxg4 Bxg4 18. Bxe5 fxe5 19. h3 Bd7 20. Rxe5 b6
21. a4 a5 22. Ra3 Rae8 23. Rxe8 Rxe8 24. Rb3 b5 25. axb5 cxb5 26. Nxb5 a4 0-1

[Event "Bundesliga 2022-23"]
[Site "Deggendorf GER"]
[Date "2023.04.01"]
[Round "12.8"]
[Board "1"]
[White "Ivic, Velimir"]
[Black "Eljanov, Pavel"]
[Result "1-0"]
[WhiteTitle "GM"]
[BlackTitle "GM"]
[WhiteElo "2553"]
[BlackElo "2697"]
[WhiteTeam "SK Kirchweyhe"]
[BlackTeam "Muenchener Schachclub 1836"]
[WhiteFideId "950122"]
[BlackFideId "14102951"]
[EventDate "2022.10.22"]

1. e4 e5 2. Nf3 Nc6 3. Bb5 a6 4. Ba4 Nf6 5. O-O Be7 6. Re1 b5 7. Bb3 O-O 8. a4
b4 9. d3 d6 10. Nbd2 Na5 11. Ba2 c5 12. c3 Nc6 13. d4 bxc3 14. bxc3 cxd4 15.
cxd4 Rb8 16. Ba3 Bg4 17. h3 Bh5 18. Qc2 Nxd4 19. Nxd4 exd4 20. Qd3 Nd7 21. Rab1
Rxb1 22. Rxb1 Nc5 23. Qxd4 Bg6 24. f4 Bf6 25. Qc4 Qd7 26. f5 Bh5 27. g4 Nxa4 28.
Qxa6 Nc3 29. Rb7 Qc8 30. Bc4 Rd8 31. Rb3 Qc7 32. Qb7 Qa5 33. gxh5 d5 34. exd5
Ne2+ 35. Bxe2 Qxd2 36. Kf1 h6 37. d6 Re8 38. Qb5 Re5 39. Qd3 Qg5 40. Qf3 g6 41.
Qg4 Rxf5+ 42. Rf3 Rxf3+ 43. Qxf3 Bd4 44. Bc4 1-0

[Event "Bundesliga 2022-23"]
[Site "Deggendorf GER"]
[Date "2023.04.01"]
[Round "12.8"]
[Board "2"]
[White "Jones, Gawain C B"]
[Black "Brkic, Ante"]
[Result "1/2-1/2"]
[WhiteTitle "GM"]
[BlackTitle "GM"]
[WhiteElo "2626"]
[BlackElo "2602"]
[WhiteTeam "Muenchener Schachclub 1836"]
[BlackTeam "SK Kirchweyhe"]
[WhiteFideId "409561"]
[BlackFideId "14506688"]
[EventDate "2022.10.22"]

1. Nf3 d5 2. c4 d4 3. b4 c5 4. Bb2 Nf6 5. g3 Qc7 6. Bg2 e5 7. O-O cxb4 8. e3 Nc6
9. exd4 exd4 10. a3 Be7 11. axb4 Nxb4 12. Qb3 d3 13. Na3 O-O 14. Nb5 Qd8 15.
Rxa7 Rxa7 16. Nxa7 Be6 17. Nd4 Bc5 18. Nab5 Qd7 19. Nxe6 fxe6 20. Nc3 Nc6 21.
Na4 Bd4 22. c5 Kh8 23. Nb6 Qd8 24. Bxd4 Qxd4 25. Qxe6 Qxc5 26. Nd7 Nxd7 27. Qxd7
Ne5 28. Qxb7 Nc4 29. Qd5 Qxd5 30. Bxd5 Nxd2 31. Re1 Rd8 32. Re3 Nc4 33. Bxc4 d2
34. Bb3 d1=Q+ 35. Bxd1 Rxd1+ 36. Kg2 Kg8 37. g4 Kf7 38. Rf3+ Kg6 39. Rf5 Rd4 40.
Kg3 h6 41. h4 Kh7 42. Rf8 g5 43. Rf5 Kg6 44. Ra5 Rd3+ 45. f3 gxh4+ 46. Kf2 Rd2+
47. Ke3 Rb2 48. Rf5 Rb3+ 49. Kf2 Rb2+ 50. Kg1 h3 51. Rh5 Rg2+ 52. Kf1 Rh2 53.
Ke1 Kg7 54. Kf1 Kg6 55. Ke1 1/2-1/2

[Event "Bundesliga 2022-23"]
[Site "Deggendorf GER"]
[Date "2023.04.01"]
[Round "12.8"]
[Board "3"]
[White "Markus, Robert"]
[Black "Indjic, Aleksandar"]
[Result "0-1"]
[WhiteTitle "GM"]
[BlackTitle "GM"]
[WhiteElo "2615"]
[BlackElo "2630"]
[WhiteTeam "SK Kirchweyhe"]
[BlackTeam "Muenchener Schachclub 1836"]
[WhiteFideId "921637"]
[BlackFideId "911925"]
[EventDate "2022.10.22"]

1. d4 Nf6 2. Nf3 e6 3. e3 b6 4. Bd3 Bb7 5. O-O d5 6. b3 Be7 7. Bb2 O-O 8. Nbd2
Nbd7 9. c4 c5 10. cxd5 Nxd5 11. Rc1 Rc8 12. Qe2 cxd4 13. Nxd4 Nc5 14. Bc4 a6 15.
a4 Rc7 16. Rfd1 Bf6 17. Qg4 Rd7 18. Ba3 Bxd4 19. exd4 Nf6 20. Qe2 Rxd4 21. a5
Re8 22. Nf3 Rxd1+ 23. Rxd1 Ncd7 24. axb6 Qxb6 25. Rd6 Qc7 26. Bxa6 Ra8 27. h3 h6
28. Nd4 Bd5 29. Nb5 Qa5 30. b4 Qa4 31. Bb2 Qxb4 32. Bc3 Qc5 33. Qb2 Be4 34. Kh1
Rb8 35. Bd4 Rxb5 36. Rxd7 Qf5 37. Rd8+ Kh7 38. Qc3 Rb1+ 39. Kh2 Qf4+ 40. Qg3 Qc1 0-1

[Event "Bundesliga 2022-23"]
[Site "Deggendorf GER"]
[Date "2023.04.01"]
[Round "12.8"]
[Board "4"]
[White "Martinovic, Sasa"]
[Black "Stevic, Hrvoje"]
[Result "1/2-1/2"]
[WhiteTitle "GM"]
[BlackTitle "GM"]
[WhiteElo "2546"]
[BlackElo "2565"]
[WhiteTeam "Muenchener Schachclub 1836"]
[BlackTeam "SK Kirchweyhe"]
[WhiteFideId "14509792"]
[BlackFideId "14502569"]
[EventDate "2022.10.22"]

1. d4 d5 2. c4 dxc4 3. e4 b5 4. a4 c6 5. Nc3 b4 6. Na2 Nf6 7. e5 Nd5 8. Bxc4 e6
9. Nf3 Be7 10. Bd2 a5 11. Nc1 Ba6 12. Bxa6 Nxa6 13. Nb3 c5 14. Qe2 O-O 15. O-O
cxd4 16. Qb5 Nac7 17. Qe2 Na6 18. Qb5 Nac7 19. Qd3 Qd7 20. Nfxd4 Rfc8 21. Rfc1
Nb6 22. Rc6 Ncd5 23. Qb5 Rcb8 24. g3 Nc8 25. Qe2 Ncb6 26. Qb5 Nc8 27. Qe2 Ncb6
28. h4 h6 29. Qb5 Nc8 30. Qe2 Ncb6 31. Qb5 Nc8 32. Qe2 Ncb6 33. Qb5 1/2-1/2

[Event "Bundesliga 2022-23"]
[Site "Deggendorf GER"]
[Date "2023.04.01"]
[Round "12.8"]
[Board "5"]
[White "Jovanovic, Zoran"]
[Black "Prusikin, Michael"]
[Result "1-0"]
[WhiteTitle "GM"]
[BlackTitle "GM"]
[WhiteElo "2519"]
[BlackElo "2517"]
[WhiteTeam "SK Kirchweyhe"]
[BlackTeam "Muenchener Schachclub 1836"]
[WhiteFideId "14505320"]
[BlackFideId "4642325"]
[EventDate "2022.10.22"]

1. e4 e6 2. d4 d5 3. Nc3 Nf6 4. Bg5 dxe4 5. Nxe4 Nbd7 6. Nf3 h6 7. Bxf6 Nxf6 8.
Bd3 Bd6 9. Qe2 Bd7 10. Ne5 Nxe4 11. Bxe4 O-O 12. O-O-O Rb8 13. h4 c5 14. Nxd7
Qxd7 15. dxc5 Bf4+ 16. Kb1 Qc7 17. g3 Be5 18. f4 Bf6 19. Qb5 Rfc8 20. Rd7 a6 21.
Rxc7 axb5 22. Rxc8+ Rxc8 23. Bxb7 Rxc5 24. c3 b4 25. cxb4 Rb5 26. Bf3 Rxb4 27.
b3 e5 28. fxe5 Bxe5 29. g4 Rf4 30. Rf1 h5 31. gxh5 Rxh4 32. Bd5 Bf6 33. Rf5 Rh2
34. a4 Rb2+ 35. Kc1 Ra2 36. Bc4 Bc3 37. Rc5 Bd4 38. Rd5 Bc3 39. Rc5 Bd4 40. Rc7
Kh7 41. Bxf7 Kh6 42. Rc4 Bf6 43. Rg4 Bg5+ 44. Kb1 Rf2 45. Bg6 Bf6 46. Rb4 Rb2+
47. Kc1 Ra2 48. Rb5 Bc3 49. Rf5 Rb2 50. Bf7 Ra2 51. Rb5 Rf2 52. Bg6 Bb2+ 53. Kd1
Bc3 54. Rc5 Bd4 55. Rc4 Be3 56. b4 Rd2+ 57. Ke1 Ra2 58. b5 Kg5 59. Bf7 Rb2 60.
Re4 Bb6 61. Kd1 Ba5 62. Re6 Rd2+ 63. Kc1 Rd4 64. Rg6+ Kf5 65. Bb3 Rh4 66. Bd1
Bc3 67. Rc6 Ba5 68. b6 1-0

[Event "Bundesliga 2022-23"]
[Site "Deggendorf GER"]
[Date "2023.04.01"]
[Round "12.8"]
[Board "6"]
[White "Costa, Leonardo"]
[Black "Kovacevic, Aleksandar"]
[Result "1-0"]
[WhiteTitle "FM"]
[BlackTitle "GM"]
[WhiteElo "2350"]
[BlackElo "2471"]
[WhiteTeam "Muenchener Schachclub 1836"]
[BlackTeam "SK Kirchweyhe"]
[WhiteFideId "16213955"]
[BlackFideId "903124"]
[EventDate "2022.10.22"]

1. e4 e6 2. d4 d5 3. Nd2 c5 4. Ngf3 cxd4 5. Nxd4 Nf6 6. exd5 Nxd5 7. N2f3 Bb4+
8. Bd2 O-O 9. Bc4 Bxd2+ 10. Qxd2 Nb6 11. Be2 Qf6 12. O-O e5 13. Nb5 Nc6 14. Rfd1
Bf5 15. c4 a6 16. Nd6 Rad8 17. c5 Nc8 18. Rac1 Nxd6 19. cxd6 Nd4 20. Nxd4 Rxd6
21. Qb4 exd4 22. Bd3 Rb6 23. Qa3 Bxd3 24. Rxd3 Rc6 25. Rxc6 Qxc6 26. g3 Qe4 27.
Rd1 Rd8 28. Qd3 Qd5 29. a4 g6 30. b4 b5 31. axb5 axb5 32. Rc1 Re8 33. Rd1 h5 34.
h4 Re4 35. Rc1 Re5 36. Rd1 Qd6 37. Rb1 Rd5 38. Rb2 Kg7 39. Kh2 Re5 40. Rb1 Rd5
41. Rb2 Qc7 42. Rc2 Qe7 43. Rb2 f5 44. Ra2 Qxb4 45. Ra7+ Kf6 46. Qe2 Qc5 47.
Ra6+ Rd6 48. Ra8 Re6 49. Qd2 Kg7 50. Qa2 Qd6 51. Qa5 f4 52. Qxb5 fxg3+ 53. fxg3
Re5 54. Qc4 Re6 55. Ra7+ Kh6 56. Qb5 Re5 57. Qb7 Re2+ 58. Kh1 Re1+ 59. Kg2 Rg1+
60. Kxg1 Qxg3+ 61. Kf1 Qd3+ 62. Ke1 Qc3+ 63. Kd1 Qd3+ 64. Kc1 Qc3+ 65. Kb1 Qd3+
66. Ka1 Qc3+ 67. Qb2 Qe1+ 68. Ka2 Qe6+ 69. Qb3 Qe1 70. Qf7 Qe2+ 71. Ka3 Qd3+ 72.
Kb4 Qd2+ 73. Kc4 Qc3+ 74. Kd5 Qb3+ 75. Kxd4 Qb6+ 76. Kd5 Qb5+ 77. Ke4 Qe2+ 78.
Kd4 Qd2+ 79. Kc4 Qe2+ 80. Kc3 Qe3+ 81. Kb2 Qd2+ 82. Ka3 Qe3+ 83. Ka4 Qd4+ 84.
Kb5 Qe5+ 85. Kc6 Qe6+ 86. Kc5 Qe3+ 87. Kd5 Qd3+ 88. Kc6 Qc3+ 89. Kb7 Qb2+ 90.
Kc8 Qh8+ 91. Kd7 Qd4+ 92. Ke8 Qe5+ 93. Qe7 Qb5+ 94. Rd7 Qb8+ 95. Kf7 Qb3+ 96.
Kf8 Qb8+ 97. Rd8 Qf4+ 98. Kg8 Qc4+ 99. Qf7 Qe6 100. Rd7 1-0